000 00658cam a22002053a 4500
001 43123
003 PGUSA
005 20140828083959.0
008 130707s2013||||xxu|||||s|||||000 | eng d
040 _aPGUSA
_beng
042 _adc
100 1 _aBancroft, Hubert Howe,
_d1832-1918
245 1 4 _aThe Works of Hubert Howe Bancroft, Volume 3 :
_bThe Native Races, Volume 3, Myths and Languages
_h[electronic resource] /
_cHubert Howe Bancroft
260 _bProject Gutenberg,
_c2013
506 _aPublic domain in the USA.
516 _aElectronic text
830 0 _aProject Gutenberg
_v43123
856 4 0 _uhttp://www.gutenberg.org/ebooks/43123
942 _cEB
999 _c272374
_d272374